000 00610nam a2200193 a 4500
005 20140412111309.0
008 030415s19uu xx 00 eng d
020 _a1-896298-14-1
050 _aER
_bTw91 1994
100 _aGreene, Kim
245 _a20,000 leagues under the sea /
_cadapted by Kim Greene ; illustrated by Dan Nosella.
260 _aOntario, Canada :
_bTribute Publishing Inc,
_c1994.
300 _a32 p. ; ill.
440 _aThe Pagemaster Classic Series
500 _aAdapted from the novel by Jules Verne
650 _aSeas--Fiction
650 _aAdventures--Fiction
999 _c103860
_d103860